00280nam a2200085 a 450000500170000000800410001705000200005810000340007824500820011220140408090012.0021115s19uu xx 00 eng d aPGS '99bAGU #1 aAguilan, Louise Anne Karemina aMusic preferences and its effects to SISC high school students SY 1998-1999.